Kabhi dhoop kabhi chhaon 1 & 2 / (Record no. 45686)
[ view plain ]
| 000 -LEADER | |
|---|---|
| fixed length control field | 00941njm a22002777a 4500 |
| 005 - DATE AND TIME OF LATEST TRANSACTION | |
| control field | 20100914132412.0 |
| 006 - FIXED-LENGTH DATA ELEMENTS--ADDITIONAL MATERIAL CHARACTERISTICS--GENERAL INFORMATION | |
| fixed length control field | a|||||r|||||00| 0 |
| 007 - PHYSICAL DESCRIPTION FIXED FIELD--GENERAL INFORMATION | |
| fixed length control field | sd ammalaaahaa |
| 008 - FIXED-LENGTH DATA ELEMENTS--GENERAL INFORMATION | |
| fixed length control field | 100910t xxu||||| |||| 00| 0 eng d |
| 028 ## - PUBLISHER NUMBER | |
| Publisher number | MOCE-4007 |
| Source | Odeon |
| 035 ## - SYSTEM CONTROL NUMBER | |
| System control number | GR-02082 |
| 040 ## - CATALOGING SOURCE | |
| Original cataloging agency | SED/VEN |
| 100 ## - MAIN ENTRY--PERSONAL NAME | |
| 9 (RLIN) | 1184 |
| Personal name | Lata Mangeskar |
| 245 ## - TITLE STATEMENT | |
| Title | Kabhi dhoop kabhi chhaon 1 & 2 / |
| Medium | Sound Recording |
| Statement of responsibility, etc | by Lata Mangeskar ; music ChitraGupta |
| 260 ## - PUBLICATION, DISTRIBUTION, ETC. (IMPRINT) | |
| Place of publication, distribution, etc | Dum Dum, India |
| Name of publisher, distributor, etc | Odeon |
| 300 ## - PHYSICAL DESCRIPTION | |
| Extent | 1 sound disc : [Gramophone Record] |
| Other physical details | analog, 33 1/3 rpm |
| Dimensions | 12 in. (LP) |
| Type of unit | Gramophone Records |
| 500 ## - GENERAL NOTE | |
| General note | Brief record. |
| 500 ## - GENERAL NOTE | |
| General note | Odeon |
| 500 ## - GENERAL NOTE | |
| General note | Black |
| 505 ## - FORMATTED CONTENTS NOTE | |
| Formatted contents note | Part 1 Main Jaloon tu bhi jale Part 2 Badli main chand hain |
| 650 ## - SUBJECT ADDED ENTRY--TOPICAL TERM | |
| General subdivision | Excerpts |
| Geographic subdivision | India |
| 9 (RLIN) | 19370 |
| Topical term or geographic name as entry element | Classical music |
| Form subdivision | Filmi song |
| 700 ## - ADDED ENTRY--PERSONAL NAME | |
| 9 (RLIN) | 19754 |
| Personal name | ChitraGupta |
| 700 ## - ADDED ENTRY--PERSONAL NAME | |
| 9 (RLIN) | 19372 |
| 942 ## - ADDED ENTRY ELEMENTS (KOHA) | |
| Source of classification or shelving scheme | Dewey Decimal Classification |
| Item type | Gramaphone Records |
| Withdrawn status | Lost status | Source of classification or shelving scheme | Damaged status | Not for loan | Collection code | Home library | Current library | Date acquired | Total Checkouts | Barcode | Date last seen | Price effective from | Koha item type |
|---|---|---|---|---|---|---|---|---|---|---|---|---|---|
| Dewey Decimal Classification | Not For Loan | Non-fiction | Central Library | Central Library | 14/09/2010 | GR-02082 | 14/09/2010 | 14/09/2010 | Gramaphone Records |
